Compendio de la historia de España (Record no. 8506)

MARC details
000 -CABECERA
campo de control de longitud fija 00845nam a2200217 a 4500
001 - NÚMERO DE CONTROL
campo de control BRCA_8855
005 - FECHA Y HORA DE LA ÚLTIMA TRANSACCIÓN
campo de control 20190320210433.0
008 - DATOS DE LONGITUD FIJA--INFORMACIÓN GENERAL
campo de control de longitud fija 160517s1824----sp-#######---#000-0#spa-#
041 ## - CÓDIGO DE LENGUA
Código de lengua del texto/banda sonora o título independiente spa
044 ## - CÓDIGO DEL PAÍS DE LA ENTIDAD EDITORA/PRODUCTORA
Código MARC del país sp
084 ## - OTRO NÚMERO DE CLASIFICACIÓN
Número de clasificación BE239
Número de documento/Ítem .I85 1824
100 1# - ENTRADA PRINCIPAL--NOMBRE DE PERSONA
Nombre de persona Isla, José Francisco de
Término indicativo de función/relación tr.
9 (RLIN) 22052
245 10 - MENCIÓN DE TÍTULO
Título Compendio de la historia de España
Mención de responsabilidad, etc. traducido á nuestra lengua por el P. Jose Francisco de Isla, puesto en forma de diálogo para más cómoda instrucción de la juventud; para el uso de los discípulos de las escuelas pias.
260 ## - PUBLICACIÓN, DISTRIBUCIÓN, ETC.
Lugar de publicación, distribución, etc. Madrid
Nombre del editor, distribuidor, etc. Imprenta de Doña Rosa Sanz
Fecha de publicación, distribución, etc. 1824
300 ## - DESCRIPCIÓN FÍSICA
Extensión 95 p.
Dimensiones 14.5 x 9.8 cm.
500 ## - NOTA GENERAL
Nota general Con licencia en Madrid
500 ## - NOTA GENERAL
Nota general Estado físico: presenta encuadernación en pergamino con presencia del pez de plata
650 14 - PUNTO DE ACCESO ADICIONAL DE MATERIA--TÉRMINO DE MATERIA
Término de materia o nombre geográfico como elemento de entrada Historia
Subdivisión geográfica España
9 (RLIN) 22053
902 ## - CATALOGADOR
Iniciales CFM
942 ## - ELEMENTOS DE PUNTO DE ACCESO ADICIONAL (KOHA)
Fuente del sistema de clasificación o colocación Library of Congress Classification
Tipo de ítem Koha Libros
Holdings
Estado de retiro Estado de pérdida Estado dañado No para préstamo Localización permanente Ubicación/localización actual Fecha de adquisición Total de préstamos Signatura topográfica completa Código de barras Fecha visto por última vez Precio válido a partir de Tipo de ítem Koha
El ejemplar forma parte de la colección y puede ser consultado según las políticas vigentes.       Biblioteca del Museo Franz Mayer (Rogerio Casas-Alatriste) Biblioteca del Museo Franz Mayer (Rogerio Casas-Alatriste) 16/05/2017   BE239 .I85 1824 CFM00183 22/03/2019 22/03/2019 Libros